| 000 | 00418nam a2200157Ia 4500 | ||
|---|---|---|---|
| 999 |
_c18574 _d18574 |
||
| 003 | OSt | ||
| 005 | 20201109121414.0 | ||
| 008 | 190216s9999||||xx |||||||||||||| ||und|| | ||
| 040 | _coclc | ||
| 082 |
_a954 _bVYA/I |
||
| 100 |
_aVyas, K C _96348 |
||
| 245 | 0 |
_aIndia Through The Ages / _c K C Vyas |
|
| 260 | _bAllied Publications, | ||
| 300 | _a306p | ||
| 942 |
_cBK _2ddc _h954 _iVYA/I _k954 _mVYA/I |
||